Statistics for Stockholm Boroughs - Updated

Click here to take the quiz!

General Stats

  • This quiz has been taken 40 times
  • The average score is 9 of 13

Answer Stats

Answer% Correct
Norrmalm
94%
Södermalm
94%
Kungsholmen
91%
Östermalm
91%
Bromma
73%
Hägersten-Älvsjö
70%
Enskede-Årsta-Vantör
67%
Hässelby-Vällingby
67%
Skarpnäck
64%
Farsta
61%
Skärholmen
58%
Spånga-Tensta
58%
Rinkeby-Kista
45%

Score Distribution

Percentile by Number Answered

Percent of People with Each Score

Your Score History

You have not taken this quiz